| 000 | 00449 a2200181 4500 | ||
|---|---|---|---|
| 020 | _a0-12-065250-1 | ||
| 041 | _aEng | ||
| 082 |
_a517.8 _bAs31c |
||
| 245 | _aComplex variables | ||
| 260 |
_aNew York, _bAcademic Press, _c1971 |
||
| 300 |
_aviii, 255p., _billus. |
||
| 518 | _a2010/11/26 | ||
| 650 |
_aEquations _9605 |
||
| 650 |
_aAnalytic functions _9606 |
||
| 650 |
_aAnalytic geometry _9607 |
||
| 653 | _aComplex variables | ||
| 942 |
_2ddc _cAS |
||
| 999 |
_c47456 _d47456 |
||